| 000 | 00673cam a22002414a 4500 | ||
|---|---|---|---|
| 999 |
_c126896 _d126896 |
||
| 003 | UPN | ||
| 005 | 20220603063640.0 | ||
| 008 | 080305s2002 es a r 000 1 spa d | ||
| 020 | _a8420535915 | ||
| 035 | _aUPN01000154780 | ||
| 040 |
_aUPN _bspa _cUPN |
||
| 049 | _aI | ||
| 050 | 4 |
_aPZ71 _bJ3.3 |
|
| 100 | 1 | _aJara, Fátima de la | |
| 245 | 1 | 3 |
_aLa colina Barrugota / _cFátima de la Jara ; il. Gerardo Domínguez. |
| 260 |
_aMadrid : _bAlhambra, _c2002. |
||
| 300 |
_a[25] p. : _bil. col. |
||
| 490 |
_aCuentos de los 7 colores ; _v4 |
||
| 650 | 4 |
_aCuentos infantiles _96744 |
|
| 650 | 4 |
_aNATURALEZA - _xCONSERVACION _924 |
|
| 905 | _aInfantil | ||
| 942 |
_2lcc _cLIBRO |
||